KOHA-Header-6

Terikh Ki Wapsi (Record no. 7075)

000 -LEADER
fixed length control field 00254nam a2200109Ia 4500
100 ## - MAIN ENTRY--AUTHOR NAME
Personal name Dr.Mubarak Ali
245 #0 - TITLE STATEMENT
Title Terikh Ki Wapsi
260 ## - PUBLICATION, DISTRIBUTION, ETC. (IMPRINT)
Place of publication Karachi
Name of publisher Fiction House
Year of publication 2014
300 ## - PHYSICAL DESCRIPTION
Number of Pages 143
942 ## - ADDED ENTRY ELEMENTS (KOHA)
Koha item type Books
Holdings
Withdrawn status Lost status Permanent Location Current Location Date acquired Full call number Accession Number Koha item type
    MAJU MAJU 2019-09-12 910.4 705 Books

Powered by Koha